Bridge engineering (Record no. 84727)
[ view plain ]
| 000 -LEADER | |
|---|---|
| fixed length control field | 00889nam a2200193 a 4500 |
| 008 - FIXED-LENGTH DATA ELEMENTS--GENERAL INFORMATION | |
| fixed length control field | 120416s1986 ||||||||||||||||| || u |
| 020 ## - INTERNATIONAL STANDARD BOOK NUMBER | |
| International Standard Book Number | 0074518275 |
| 050 ## - LIBRARY OF CONGRESS CALL NUMBER | |
| Classification number | TG 270 Pon |
| 100 ## - MAIN ENTRY--PERSONAL NAME | |
| Personal name | Ponnuswamy, S |
| 245 10 - TITLE STATEMENT | |
| Title | Bridge engineering |
| 260 ## - PUBLICATION, DISTRIBUTION, ETC. | |
| Place of publication, distribution, etc. | New Delhi |
| Name of publisher, distributor, etc. | Tata McGraw-Hill |
| Date of publication, distribution, etc. | 1986 |
| 300 ## - PHYSICAL DESCRIPTION | |
| Extent | xii ; 544p. ;ill. |
| 350 ## - | |
| -- | 0.00 |
| 650 ## - SUBJECT ADDED ENTRY--TOPICAL TERM | |
| Topical term or geographic name entry element | BRIDGE--ENGINEERING |
| 650 ## - SUBJECT ADDED ENTRY--TOPICAL TERM | |
| Topical term or geographic name entry element | ENGINEERING |
| 995 ## - | |
| -- | BINDERY (DAMAGED) |
| -- | 0.00 |
| -- | 732000 |
| -- | CBU-MAIN LIBRARY (Kitwe) |
| -- | 1 |
| -- | 45.00 |
| -- | TG 270 Pon |
| -- | 1 |
| -- | DAMAGED |
| -- | Aug 14, 2006 |
| -- | 44383 |
| -- | Main Library Open Access Collection |
| 995 ## - | |
| -- | MAIN LIBRARY OPEN ACCESS |
| -- | 0.00 |
| -- | 731998 |
| -- | CBU-MAIN LIBRARY (Kitwe) |
| -- | 2 |
| -- | 45.00 |
| -- | TG 270 Pon |
| -- | 2 |
| -- | AVAILABLE |
| -- | 44382 |
| -- | Main Library Open Access Collection |
| 995 ## - | |
| -- | BINDERY (DAMAGED) |
| -- | 0.00 |
| -- | 731999 |
| -- | CBU-MAIN LIBRARY (Kitwe) |
| -- | 3 |
| -- | 45.00 |
| -- | TG 270 Pon |
| -- | 3 |
| -- | DAMAGED |
| -- | Aug 15, 2006 |
| -- | 44381 |
| -- | Main Library Open Access Collection |
| 999 ## - | |
| -- | 84727 |
| -- | 84727 |
No items available.